000
00215 a2200097 4500
001
20516
100
_a
kamenichny I
245
_a
Heat Treatment a Hand Book
260
_a
_b
Mir Publishers
_c
090
_c
14913
_d
14913
942
_a
NUST-CAE
_c
M
_c
5462
999
_c
255589
_d
255589